PHARMACOLOGY ( MS. MEGHA TIWARI ) (Record no. 268512)

MARC details
000 -LEADER
fixed length control field 00300pam a2200121a 44500
008 - FIXED-LENGTH DATA ELEMENTS--GENERAL INFORMATION
fixed length control field 230405s2022 xxu||||| |||| 00| 0 eng d
041 ## - LANGUAGE CODE
Language code of text/sound track or separate title ENG
100 ## - MAIN ENTRY--PERSONAL NAME
Personal name MS. MEGHA TIWARI
245 ## - TITLE STATEMENT
Title PHARMACOLOGY ( MS. MEGHA TIWARI )
260 ## - PUBLICATION, DISTRIBUTION, ETC.
Place of publication, distribution, etc. PUNE
Name of publisher, distributor, etc. NIRALI PRAKASHAN
Date of publication, distribution, etc. 2022
300 ## - PHYSICAL DESCRIPTION
Extent 13.3
906 ## - LOCAL DATA ELEMENT F, LDF (RLIN)
a 3073
Holdings
Withdrawn status Lost status Damaged status Not for loan Collection Home library Current library Date acquired Source of acquisition Cost, normal purchase price Total Checkouts Barcode Date due Date last seen Date last checked out Price effective from Koha item type
          College of Pharmacy, Kolhapur College of Pharmacy, Kolhapur 14/04/2023 BHARATI MADHYVARTI SAHAKARI GRAHAK BHANDAR LTD 240.00 6 PCK-DI-830 07/05/2026 07/05/2026 07/05/2026 14/04/2023 Book
          College of Pharmacy, Kolhapur College of Pharmacy, Kolhapur 14/04/2023 BHARATI MADHYVARTI SAHAKARI GRAHAK BHANDAR LTD 240.00 2 PCK-DI-828   02/01/2024 02/01/2024 14/04/2023 Book